Desafíos pedagógicos de la paz
Wedi'i Gadw mewn:
| Prif Awdur: | |
|---|---|
| Fformat: | Llyfr |
| Iaith: | Sbaeneg |
| Cyhoeddwyd: |
Ciudad de Guatemala
Universitaria
1995
|
| Cyfres: | Colección Estudios, 2
|
| Pynciau: | |
| Tagiau: |
Ychwanegu Tag
Dim Tagiau, Byddwch y cyntaf i dagio'r cofnod hwn!
|
MARC
| LEADER | 00000nam a2200000 a 4500 | ||
|---|---|---|---|
| 001 | UCP0531 | ||
| 003 | CL-VaPUC | ||
| 008 | 990313e19950000GT |||||||||||||||||spa|d | ||
| 082 | 0 | 4 | |a 370.115 |b ALD |2 21 |
| 100 | 0 | |a Aldana Mendoza, Carlos |e author |9 425860 | |
| 245 | 1 | 0 | |a Desafíos pedagógicos de la paz |
| 300 | |a 162 p | ||
| 942 | |c BK | ||
| 945 | |d 19990313 00:00:00 |a aarredon | ||
| 260 | |a Ciudad de Guatemala |b Universitaria |c 1995 | ||
| 650 | 0 | |a Paz |9 259242 | |
| 650 | 0 | |a Educación cívica |9 314665 | |
| 650 | 7 | |a PACIFISMO |2 CL-VaPUC |9 319054 | |
| 650 | 0 | |a Pedagogía |9 255351 | |
| 650 | 0 | |a Derechos humanos |9 223025 | |
| 650 | 0 | |a Valores morales |9 310604 | |
| 650 | 0 | |a Cultura |9 269059 | |
| 650 | 0 | |a Discriminación |9 335101 | |
| 650 | 0 | |a Ética |9 255099 | |
| 583 | |a last modification |c 19990313 00:00:00 |k Rodrigo Vera | ||
| 490 | 0 | |a Colección Estudios, 2 | |
| 999 | |c 279299 |d 279297 | ||
| 952 | |0 0 |1 0 |4 0 |6 370_115000000000000_ALD_1995 |7 0 |8 A |9 318343 |a BIBEDU |b BIBEDU |d 2019-11-20 |i 3487806 |o 370.115 ALD 1995 |p 3487806 |r 2019-11-20 |w 2019-11-20 |y BK |k EDU | ||